000 00311nam a22001217a 4500
999 _c13798
_d13798
020 _a9781032273433
082 _a628
100 _aJ Satya Eswari and Nisha Suryawanshi
245 _aOptimization of Sustainable Enzymes Production
260 _aLondon
_bCRC Press
_c2023
300 _axii, 220 pages
942 _cBK